Kotowski, Albert, 1949-. Polens Politik gegenüber seiner deutschen Minderheit. - Wiesbaden : Harrassowitz. - 1998 [Rezension]

Titel: Kotowski, Albert, 1949-. Polens Politik gegenüber seiner deutschen Minderheit. - Wiesbaden : Harrassowitz. - 1998 [Rezension]
Verfasser:
In: Inter finitimos. Beiheft = Zeszyt specjalny, Heft 15/16 (1999), Seite 62-64
alle Artikel anzeigen
Veröffentlicht: 1999 [2000]
Format: Aufsatz
Sprache: Deutsch
Kein Bild verfügbar
X
alg: 39502298
001A    $01999:12-11-16 
001B    $01999:04-08-21 $t21:02:23.000 
001D    $01999:12-11-16 
001U    $0utf8 
001X    $00 
002@    $0Aox 
003@    $0395022983 
007A    $0395022983 $aHEB 
007T    $0Herd24260 
010@    $ager 
011@    $a1999 $n1999 [2000] 
021A    $aKotowski, Albert, 1949-. Polens Politik gegenüber seiner deutschen Minderheit. - Wiesbaden : Harrassowitz. -  1998 [Rezension] 
028A    $aGrelka $dFrank 
031A    $e15/16 $h62-64 $j1999 
039B    $aIn $8--Abvc--. Inter finitimos. Beiheft = Zeszyt specjalny. - Marburg : Herder Inst., 1998-2000. - ISSN 1615-0597 $x199900000000015938 $9072373210 
039T    $8--Aau--Kotowski, Albert S.$Z1949- [Tp1]. Polens Politik gegenüber seiner deutschen Minderheit. - Wiesbaden : Harrassowitz, 1998. - XI, 383 S.. - ISBN 3-447-03997-3 $9057270686 
045F    $a900.9438 $eDDC23BSB 
045F/01 $a900 
045F/03 $g438 
045F/03 $g4382 
045F/03 $g4385 

lok: 39502298 78

exp: 39502298 78 1 #EPN
201B/01 $018-11-16 $t13:30:50.000 
201U/01 $0utf8 
203@/01 $0791321592 
208@/01 $a12-11-16 $be 
209A/01 $a/ $f000 $x00 
220C/01 $aTitelaufnehmer: cs;gm 
244Z/01 $2Trx $#Poola $#Lenkija $#Polija $#Polen Land $#Poland $#Lengyelország $#Poľsko $#Polsko $8--Trx--Polska$gkraj $x01 $9391345966 
244Z/01 $2Trx $#Silesia $#Śląsk $#Sliezsko $#Slezsko $8--Trx--Schlesien $x02 $9391173987 
244Z/01 $2Trx $#Prusy Wschodnie i Zachodnie $8--Trx--Ost- und Westpreußen $x03 $939113373X 
244Z/01 $2Trx $#Großpolen $#Greater Poland $#Velkopolsko $8--Trx--Wielkopolska $x04 $9391277227 
244Z/01 $2Trx $#arvustused $#recenzijos $#Reviews $#recenziók $#recenzje $#recenzie $#recenze $8--Trx--Rezensionen $x05 $9391357441 
247C/01 $82080>Marburg/Lahn, Herder-Institut, Forschungsbibliothek, Bibliographieportal $9336309341
LEADER 00000caa a22000002c 4500
001 395022983
003 DE-603
005 20210804210223.0
007 tu
008 161112s1999 xx |||| | u00||u|ger c
035 |a (DE-599)HEB395022983 
040 |a DE-603  |b ger  |c DE-603  |d DE-603 
041 |a ger 
082 0 4 |8 1\u  |a 900.9438  |q DE-101  |2 23/BSB 
085 |8 1\u  |b 900 
085 |8 1\u  |z 2  |s 438 
085 |8 1\u  |z 2  |s 4382 
085 |8 1\u  |z 2  |s 4385 
100 1 |a Grelka, Frank 
245 0 0 |a Kotowski, Albert, 1949-. Polens Politik gegenüber seiner deutschen Minderheit. - Wiesbaden : Harrassowitz. - 1998 [Rezension] 
264 0 |c 1999 [2000] 
773 0 8 |i In  |t Inter finitimos. Beiheft = Zeszyt specjalny  |d Marburg : Herder Inst., 1998-2000  |x 1615-0597  |g Heft 15/16 (1999), Seite 62-64  |w (DE-603)072373210  |w (DE-600)1473311-0 
787 0 8 |i Rezension von  |a Kotowski, Albert S., 1949-  |t Polens Politik gegenüber seiner deutschen Minderheit  |d Wiesbaden : Harrassowitz, 1998  |h XI, 383 S., 24 cm  |z 3447039973  |w (DE-603)057270686 
924 0 |9 2080  |a (DE-603)791321592  |b DE-2080  |c HES  |d d  |g /